000 00691nam a2200289Ia 4500
005 20260324134544.0
008 008 260324s9999 xx 000 0 eng d
020 _a9780203048108
037 _aEBOOK
040 _aCRL
040 _beng
040 _cCRL
041 _2eng
041 _aeng
084 _qCRL
100 _aWilliam E Studwell; Bruce R Schueneman
_91197262
245 0 _aCollege Fight Songs II
245 2 _bA Supplementary Anthology
260 _bTaylor and Francis
260 _c2001
365 _a
365 _b145
856 _uhttp://www.taylorfrancis.com/books/9780203048108
942 _cEBOOK
999 _c1797477
_d1797477